000 00551nam a2200193Ia 4500
003 IN-BaIIA
008 211028s9999 xx 000 0 eng d
020 _a0-673-98556-3
040 _cIIA Library
080 _a519
_bELM
100 _aElmore, P. B.
_922980
245 0 _aBasic statistics
_cP. B. Elmore and P. L. Woehlke
260 _aNew York
_bAddison-Wesley
_c1996
300 _axiv, 242p.
650 _aMathematics
_982
650 _aStatistics
700 _aWoehlke, P. L.
_922981
942 _cBK
999 _c13054
_d13054